000 00691nam a2200217 i 4500
001 bg
245 0 _aFormalne opisy systemów i ich zastosowania /
_c[Aut. Jan Betta, Barbara Łysakowska [i in.].
260 _aWrocław :
_bWydawn. Polit. Wrocł.,
_c1978.
300 _as. 66.
490 1 _aPrace Nauk. Inst. Cybern. Techn. Polit. Wrocł. ;
_vNr 44
500 _a[Streszcz. w jęz. ang. i ros.].
504 _a[Zawiera bibliogr].
700 1 _aBETTA, Jan.
700 1 _aŁYSAKOWSKA, Barbara.
830 _aPrace Nauk. Inst. Cybern. Techn. Polit. Wrocł. ;
040 _cBPK
041 _apol
080 _a681.323:007
942 _cKS
008 s pl f |000 0 pol
999 _c17757
_d17757
856 _uhttp://koha.tu.koszalin.pl/cgi-bin/koha/opac-detail.pl?biblionumber=17757
_yKatalog online BPK